000 00700nam a2200229Ia 4500
003 OSt
005 20220927105708.0
006 a|||||r|||| 00| 0
007 ta
008 220926b |||||||| |||| 00| 0 eng d
024 _a201563
037 _cReference Collections
040 _aRTL
_cRTL
_beng
041 _2eng
_aeng
082 _a"X9(JB).2s, N5/RR"
245 0 _aIndia
_b" Forestry statistics, 1995 Minister environment & forests india"
260 _adehra
_b"dun Assistant director general , editorial and publications"
_c1995
300 _a200p.
_ccm.
500 _aBibliography: P 262-63
942 _h"X9(JB).2s, N5/RR"
_cCC
999 _c693948
_d693948